OECD framework for the evaluation of SME and entrepreneurship policies and programmes

Gespeichert in:
Bibliographische Detailangaben
Format: Buch
Sprache:Englisch
Veröffentlicht: Paris OECD 2007
Schlagworte:
Tags: Tag hinzufügen
Keine Tags, Fügen Sie das erste Tag hinzu!

MARC

LEADER 00000nam$a2200000$$$4500
001 0084858
005 20240315121032.3
020 |a 978-92-64-04008-3 
041 0 |a eng 
044 |a FR 
245 1 0 |a OECD framework for the evaluation of SME and entrepreneurship policies and programmes 
264 1 |a Paris  |b OECD  |c 2007 
300 |a 122 s. 
610 2 0 |a podnik malý 
610 2 0 |a podnik stredný 
610 2 0 |a ohodnocovanie podniku 
610 2 0 |a politika podnikania 
610 2 0 |a metódy 
610 2 0 |a sektory hospodárske 
610 2 0 |a regióny 
610 2 0 |a politika